000 00654nam a2200181 a 4500
008 071001s1995 ||||||||||||||||| || u
020 _a0792332563
050 _aJC 571 Lij
100 _aLijnzaad, Liesbeth
245 1 0 _aReservations to UN-human rights treaties: ratify and ruin?
_cLiesbeth Lijnzaad
260 _aDodrecht:
_bMartinus Nijhoff
_c1995
300 _axv, 448p.
350 _a0.00
650 _aRIGHTS
650 0 _aHUMAN RIGHTS
650 _aUNITED NATIONS--TREATIES
995 _D0.00
_FCBU-MAIN LIBRARY (Kitwe)
_H1
_I0.00
_M1
_UAVAILABLE
_WOct 1, 2007
_ZMain Library Open Access Collection
999 _c56341
_d56341